| 000 | 00279nam a2200133 i 4500 | ||
|---|---|---|---|
| 001 | bg | ||
| 100 | 1 | _aPAUL, H. | |
| 245 | 0 |
_aLasertheorie 2 / _cH. Paul. |
|
| 260 |
_aBerlin, _c1969. |
||
| 040 | _cBPK | ||
| 041 | _apol | ||
| 942 | _cKS | ||
| 008 | s pl f |000 0 pol | ||
| 999 |
_c8754 _d8754 |
||
| 856 |
_uhttp://koha.tu.koszalin.pl/cgi-bin/koha/opac-detail.pl?biblionumber=8754 _yKatalog online BPK |
||